20 Movie Quotes by Scene Quiz Stats

 Plays Quiz Updated Jan 9, 2016

Challenge
Share
Tweet
Score 0/20 Timer 05:00
0 Plays Today
% Correct
'I see dead people.' (The Sixth Sense)
98.1%
'I'll be back.' (The Terminator)
98.1%
'I'm the king of the world!' (Titanic)
97.4%
'There's no place like home.' (The Wizard of Oz)
97.3%
'Say 'hello' to my little friend!' (Scarface)
96.9%
'I'm going to make him an offer he can't refuse.' (The Godfather)
95.8%
'Show me the money!' (Jerry Maguire)
95.6%
'Bond. James Bond.' (Dr. No)
95.6%
'I'll have what she's having.' (When Harry Met Sally...)
95.4%
'Houston, we have a problem.' (Apollo 13)
95.4%
% Correct
'Go ahead, make my day.' (Sudden Impact)
93.7%
'You're gonna need a bigger boat.' (Jaws)
93.5%
'You can't handle the truth!' (A Few Good Men)
90.9%
'Frankly, my dear, I don't give a damn.' (Gone with the Wind)
90.6%
'You talkin' to me?' (Taxi Driver)
90.2%
'Here's looking at you, kid.' (Casablanca)
86.2%
'Well, nobody's perfect.' (Some Like It Hot)
80%
'A boy's best friend is his mother.' (Psycho)
74.1%
'Rosebud...' (Citizen Kane)
50.8%
'Take your stinking paws off me, you damn dirty ape!' (Planet of Apes)
47.8%

You're not logged in!

Compare scores with friends on all Sporcle quizzes.
OR
Log In

You Might Also Like...

Show Comments

Extras

Top Quizzes Today


Score Distribution

Your Account Isn't Verified!

In order to create a playlist on Sporcle, you need to verify the email address you used during registration. Go to your Sporcle Settings to finish the process.

Report this User

Report this user for behavior that violates our Community Guidelines.

Details: